LIBRARY ONLINE CATALOGUE

Business Communication (Record no. 18345)

MARC details
000 -LEADER
fixed length control field 00548nam a22001817a 4500
008 - FIXED-LENGTH DATA ELEMENTS--GENERAL INFORMATION
fixed length control field 180726b xxu||||| |||| 00| 0 eng d
020 ## - INTERNATIONAL STANDARD BOOK NUMBER
International Standard Book Number 0073403281
040 ## - CATALOGING SOURCE
Original cataloging agency KABU
Transcribing agency KABU
050 ## - LIBRARY OF CONGRESS CALL NUMBER
Classification number HF5718
Item number .C37 2016 c. 1
100 ## - MAIN ENTRY--PERSONAL NAME
Personal name Cardon, Peter W.
245 ## - TITLE STATEMENT
Title Business Communication
Remainder of title Developing Leaders for Networked World
Statement of responsibility, etc. Peter W. Cardon
250 ## - EDITION STATEMENT
Edition statement 2nd ed.
260 ## - PUBLICATION, DISTRIBUTION, ETC. (IMPRINT)
Place of publication, distribution, etc. New York
Name of publisher, distributor, etc. McGrawHill
Date of publication, distribution, etc. 2016
300 ## - PHYSICAL DESCRIPTION
Extent xxxvii, 548p.
650 ## - SUBJECT ADDED ENTRY--TOPICAL TERM
Topical term or geographic name as entry element Business Communication
650 ## - SUBJECT ADDED ENTRY--TOPICAL TERM
Topical term or geographic name as entry element Business Enterprises
942 ## - ADDED ENTRY ELEMENTS (KOHA)
Source of classification or shelving scheme Library of Congress Classification
Koha item type General Collection
Classification part HF5718
Holdings
Withdrawn status Lost status Source of classification or shelving scheme Not for loan Home library Current library Date acquired Cost, normal purchase price Total Checkouts Full call number Barcode Date last seen Copy number Price effective from Koha item type
    Library of Congress Classification   Kabarak, Main Campus Kabarak, Main Campus 23/07/2020 4216.00   HF5718 .C37 2016 c. 1 028770 23/07/2020 c. 1 23/07/2020 General Collection
    Library of Congress Classification   Kabarak, Main Campus Kabarak, Main Campus 23/07/2020 4216.00   HF5718 .C37 2016 c. 2 028771 23/07/2020 c. 2 23/07/2020 General Collection
    Library of Congress Classification   Kabarak, Nakuru City Campus Kabarak, Nakuru City Campus 23/07/2020 4216.00   HF5718 .C37 2016 c. 1 028772 23/07/2020 c. 1 23/07/2020 General Collection